000 00311nam a22001337a 4500
008 181101b xxu||||| |||| 00| 0 eng d
020 _a9780827357129
041 _aeng
080 _a610.73
100 _a2
101 _aINF
245 _aCardiovascular Critical Care Nursing
_cDressler,D.K
942 _2udc
_cBK
999 _c51420
_d51420